• 首页
  • 本馆介绍
  • 公告通知
  • 最新文献
  • 馆藏检索
  • 电子资源
  • 读者导购
  • 参考咨询
  • 我的图书馆
  • 登录
  • 详细信息显示
  • 放入我的书架
  • 预约/预借图书
  • 作者相关作品
  • 分类相关作品
  • 丛书相关作品
  • 出版社相关作品

书目信息

  • 表格格式
  • 工作单格式
  • 卡片格式
题名:
真挚的友谊
    
 
作者: 柳星 主编
分册:  
出版信息: 乌鲁木齐   新疆人民出版社  2003.08
页数: 297页
开本: 19cm
丛书名: 流星文丛
单 册:
中图分类: X719.5
科图分类:
主题词: 丛书--文学--现代
电子资源:
ISBN: 7-228-06822-X
000 00653nam0 2200241 450
001 012006000000
005 20070611160828.26
010    @a7-228-06822-X@dCNY27.80
100    @a20070307d2003 em y0chiy0110 ea
101 0  @achi
102    @aCN@b650100
105    @ay z 000yy
200 1  @a真挚的友谊@AZhen Zhi De You Yi@f柳星主编@FLiu Xing Zhu Bian
210    @a乌鲁木齐@c新疆人民出版社@d2003.08
215    @a297页@d19cm
225 2  @a流星文丛
410  0 @12001 @a流星文丛
606 0  @a丛书@x文学@z现代
690    @aX719.5@v4
701  0 @a柳星@ALiu Xing@4主编
801  0 @aCN@bCL@c20070611
905    @aBZT@dX719.5@e6
906    @dCNY27.80@n0@r1
    
    真挚的友谊/柳星主编.-乌鲁木齐:新疆人民出版社,2003.08
    297页;19cm.-(流星文丛)
    
    
    ISBN 7-228-06822-X:CNY27.80
    
●
相关链接 在五车中查询图书 在当当中查询图书 在豆瓣中查询图书


正题名:真挚的友谊     索取号:X719.5/6         预约/预借

序号 登录号 条形码 馆藏地/架位号 状态 备注
1 551533   230125842   中心书库北库/ 北库002架B面2列4层33/ [索取号:X719.5/6] 在馆    
2 551534   230125841   中心书库北库/ 北库002架B面2列4层34/ [索取号:X719.5/6] 在馆    
3 551535   230125840   中心书库北库/ 北库002架B面2列4层37/ [索取号:X719.5/6] 在馆    
4 551536   230125839   中心书库北库/ 北库002架B面2列4层31/ [索取号:X719.5/6] 在馆    
5 551537   230125838   中心书库北库/ 北库002架B面2列4层36/ [索取号:X719.5/6] 在馆    
6 551538   230125837   中心书库北库/ 北库002架B面2列4层35/ [索取号:X719.5/6] 在馆    
7 551539   230125836   中心书库北库/ 北库002架B面2列4层39/ [索取号:X719.5/6] 在馆    
8 551540   230125835   中心书库北库/ 北库002架B面2列4层32/ [索取号:X719.5/6] 在馆    
9 551541   230125834   中心书库北库/ 北库002架B面2列4层38/ [索取号:X719.5/6] 在馆    
10 551542   230125833   中心书库北库/ 北库002架B面2列4层30/ [索取号:X719.5/6] 在馆    
山东省滨州职业学院图书馆 欢迎您!
大连网信软件有限公司© 版权所有